[Event "Campeonato Pan-Americano Sub-20 Absolut"]
[Site "CXSP, São Paulo"]
[Date "2012.06.29"]
[Round "1.2"]
[White "Santiago, Yago De Moura"]
[Black "Barros, Guilherme Wang De F"]
[Result "1-0"]
[WhiteElo "2347"]
[BlackElo "2036"]
[PlyCount "97"]
[EventDate "2012.06.29"]

1. e4 c5 2. Nf3 d6 3. d4 cxd4 4. Nxd4 Nf6 5. Nc3 Nc6 6. Be2 e6 7. Be3 Be7 8. g4
a6 9. g5 Nd7 10. h4 O-O 11. Rg1 Nxd4 12. Qxd4 b5 13. a3 Bb7 14. O-O-O Rc8 15.
h5 Ne5 16. h6 f6 17. gxf6 Bxf6 18. Qxd6 Qxd6 19. Rxd6 Nc4 20. Bxc4 Rxc4 21.
hxg7 Rfc8 22. Bd2 a5 23. Rxe6 Bd4 24. Nxb5 Rxc2+ 25. Kd1 Bxf2 26. Rf1 Rxb2 27.
Rxf2 Rxb5 28. Bh6 Rb1+ 29. Ke2 Rb2+ 30. Kf1 Rxf2+ 31. Kxf2 Kf7 32. Re5 Kg6 33.
Rg5+ Kxh6 34. g8=Q Rxg8 35. Rxg8 Bxe4 36. Rg4 Bc6 37. Rc4 Be8 38. Re4 Bf7 39.
Ra4 Kg5 40. Rxa5+ Kf4 41. Ra7 Bg6 42. a4 Ke4 43. a5 Kd5 44. Rc7 Kd6 45. Rc3 Be4
46. a6 Kd7 47. a7 Bb7 48. Rg3 Kc7 49. Rg8 1-0

[Event "Campeonato Pan-Americano Sub-20 Absoluto"]
[Site "CXSP, São Paulo"]
[Date "2012.06.29"]
[Round "1.3"]
[White "De Almeida, Heitor"]
[Black "Gemy, Jose Daniel"]
[Result "0-1"]
[WhiteElo "2033"]
[BlackElo "2345"]
[PlyCount "80"]
[EventDate "2012.06.29"]

1. d4 d5 2. c4 c6 3. Nc3 Nf6 4. Nf3 g6 5. e3 Bg7 6. Bd3 O-O 7. O-O a6 8. a4 a5
9. Qb3 e6 10. Rd1 Qe7 11. Bd2 Na6 12. Rac1 Qb4 13. Qa2 Qb6 14. Ne2 Nd7 15. Nf4
Nb4 16. Bxb4 axb4 17. b3 dxc4 18. Bxc4 e5 19. dxe5 Nxe5 20. Nxe5 Bxe5 21. Qe2
Qc7 22. g3 Qe7 23. Qf3 Kg7 24. e4 h5 25. Qe3 h4 26. Ne2 hxg3 27. hxg3 Rh8 28.
Nd4 Bb8 29. Nf3 Ra5 30. Bf1 Ba7 31. Qe1 Qc7 32. e5 Bg4 33. Bg2 Bxf3 34. Bxf3
Rxe5 35. Qxb4 Re3 36. Kg2 Rh2+ 37. Kxh2 Rxf3 38. Rc2 Bxf2 39. Qg4 Rxg3 40. Qd7
Rh3+ 0-1

[Event "Campeonato Pan-Americano Sub-20 Absoluto"]
[Site "CXSP, São Paulo"]
[Date "2012.06.29"]
[Round "1.4"]
[White "Torres, Juan Camilo"]
[Black "Massarioli, Felipe Alvarenga"]
[Result "1/2-1/2"]
[WhiteElo "2337"]
[BlackElo "2027"]
[PlyCount "93"]
[EventDate "2012.06.29"]

1. d4 d5 2. c4 c6 3. Nf3 Nf6 4. Nc3 a6 5. e3 b5 6. b3 Nbd7 7. Bd3 Bb7 8. O-O g6
9. Bb2 Bg7 10. Qe2 O-O 11. Rac1 Rc8 12. a4 b4 13. Nb1 a5 14. Nbd2 Re8 15. Rfd1
Rc7 16. cxd5 cxd5 17. Bb5 Rf8 18. Ne5 Rxc1 19. Rxc1 Nxe5 20. dxe5 Ne4 21. Nxe4
dxe4 22. Rd1 Qb8 23. e6 fxe6 24. Bxg7 Kxg7 25. Rd7 Bd5 26. Rxe7+ Kf6 27. Rxh7
Qe5 28. Qg4 Qf5 29. Qd1 Qe5 30. h4 Rf7 31. Rxf7+ Kxf7 32. g4 g5 33. h5 Qc3 34.
Kg2 Kg7 35. Be8 Kh6 36. Bg6 Qf6 37. Kf1 Qc3 38. Kg2 Qf6 39. Kg1 Qc3 40. Qe2
Qa1+ 41. Kg2 Qf6 42. Kg1 Qa1+ 43. Kg2 Qf6 44. Kh3 Qa1 45. Kg2 Qf6 46. Kg1 Qa1+
47. Kg2 1/2-1/2

[Event "Campeonato Pan-Americano Sub-20 Absoluto"]
[Site "CXSP, São Paulo"]
[Date "2012.06.29"]
[Round "1.5"]
[White "Chiari, Arthur Gontijo"]
[Black "Espinoza Palomino, Willyam"]
[Result "1/2-1/2"]
[WhiteElo "2008"]
[BlackElo "2327"]
[PlyCount "73"]
[EventDate "2012.06.29"]

1. e4 e5 2. Nf3 Nc6 3. Bb5 a6 4. Ba4 Nf6 5. d3 b5 6. Bb3 Be7 7. O-O d6 8. c3
O-O 9. Re1 Na5 10. Bc2 c5 11. Nbd2 Re8 12. Nf1 h6 13. h3 Bf8 14. d4 Qc7 15. Ng3
cxd4 16. cxd4 Bb7 17. d5 Bc8 18. Bd3 Bd7 19. Bd2 Nc4 20. Rc1 Qb7 21. Bc3 a5 22.
a4 Rec8 23. b3 Na3 24. Bb2 b4 25. Qd2 Be7 26. Ra1 Bd8 27. Rec1 Bb6 28. Nh4
Rxc1+ 29. Rxc1 Rc8 30. Nhf5 Rxc1+ 31. Bxc1 Ne8 32. Qe2 Qc7 33. Bd2 Qc5 34. Qf3
Nc2 35. Ne7+ Kf8 36. Ng6+ Kg8 37. Ne7+ 1/2-1/2

[Event "Campeonato Pan-Americano Sub-20 Absoluto"]
[Site "CXSP, São Paulo"]
[Date "2012.06.29"]
[Round "1.6"]
[White "Henriquez Villagra, Cristobal"]
[Black "Vizzotto, Bernardo"]
[Result "1-0"]
[WhiteElo "2324"]
[BlackElo "2006"]
[PlyCount "101"]
[EventDate "2012.06.29"]

1. e4 c5 2. Nf3 e6 3. d4 cxd4 4. Nxd4 Nf6 5. Bd3 Nc6 6. Nxc6 bxc6 7. Nd2 d5 8.
O-O e5 9. c4 Bc5 10. Qc2 Bb6 11. Nf3 O-O 12. cxd5 cxd5 13. Bg5 Bb7 14. exd5 Rc8
15. Qe2 Qxd5 16. Bxf6 gxf6 17. Bf5 Rc4 18. Rad1 Qc6 19. Rd6 Qxd6 20. Qxc4 e4
21. Nh4 Qf4 22. g3 Qg5 23. Bxe4 Rc8 24. Qd3 Bxe4 25. Qxe4 Rc5 26. Nf3 Qf5 27.
Qxf5 Rxf5 28. Kg2 Rc5 29. Rd1 Rc4 30. Rd2 Kf8 31. Re2 f5 32. Ne5 Rd4 33. f4 f6
34. Nf3 Re4 35. Rc2 Ke7 36. a3 Re3 37. Nh4 Ke6 38. Kf1 Rd3 39. Re2+ Re3 40.
Rxe3+ Bxe3 41. b3 Bc5 42. b4 Bb6 43. Ke2 a6 44. Kd3 a5 45. Kc4 axb4 46. axb4 h5
47. Nf3 Kd6 48. Nd4 h4 49. Nxf5+ Ke6 50. Nxh4 Bg1 51. f5+ 1-0

[Event "Campeonato Pan-Americano Sub-20 Absoluto"]
[Site "CXSP, São Paulo"]
[Date "2012.06.29"]
[Round "1.7"]
[White "Gotz, Klaus Seiji Furucho"]
[Black "Quintiliano Pinto, Renato R"]
[Result "0-1"]
[WhiteElo "1975"]
[BlackElo "2272"]
[PlyCount "78"]
[EventDate "2012.06.29"]

1. d4 d5 2. c4 e6 3. Nc3 c6 4. Nf3 dxc4 5. e3 b5 6. a4 Bb4 7. Bd2 a5 8. axb5
Bxc3 9. Bxc3 cxb5 10. b3 Bb7 11. d5 Nf6 12. Bxf6 Qxf6 13. bxc4 b4 14. Qa4+ Nd7
15. Nd4 e5 16. Nb3 Ke7 17. Be2 Rhc8 18. O-O Nc5 19. Nxc5 Rxc5 20. f4 e4 21.
Rac1 Kf8 22. Rfd1 Qb6 23. Kf2 f5 24. Rg1 Qf6 25. h3 Rac8 26. Rcd1 Rd8 27. g4
Bc8 28. Rg3 Bd7 29. Qb3 Rb8 30. gxf5 a4 31. Qc2 b3 32. Qxe4 Bxf5 33. Qf3 Bc2
34. Rdg1 g6 35. Qg4 Bf5 36. Qf3 Bc2 37. Qg4 b2 38. Qd7 Qe7 39. Qa7 Qxa7 0-1

[Event "Campeonato Pan-Americano Sub-20 Absoluto"]
[Site "CXSP, São Paulo"]
[Date "2012.06.29"]
[Round "1.8"]
[White "Gaitan, Juan Manuel"]
[Black "Branchini, Fernando Luis Sakamo"]
[Result "1-0"]
[WhiteElo "2271"]
[BlackElo "1972"]
[PlyCount "43"]
[EventDate "2012.06.29"]

1. d4 Nf6 2. c4 g6 3. Nc3 Bg7 4. e4 d6 5. Nf3 O-O 6. h3 c6 7. Bg5 Nbd7 8. Be2
Qc7 9. O-O e5 10. d5 Nc5 11. Nd2 Ne8 12. b4 Na6 13. b5 cxb5 14. Nxb5 Qd7 15.
Nb3 Nec7 16. Be3 b6 17. a4 Nc5 18. a5 Ba6 19. Nxa7 Rxa7 20. axb6 Nxb3 21. Qxb3
Rb8 22. Qa4 1-0

[Event "Campeonato Pan-Americano Sub-20 Absoluto"]
[Site "CXSP, São Paulo"]
[Date "2012.06.29"]
[Round "1.9"]
[White "Stone, Ronnie Frank Pires"]
[Black "Cuellar, Diego"]
[Result "0-1"]
[WhiteElo "1946"]
[BlackElo "2269"]
[PlyCount "102"]
[EventDate "2012.06.29"]

1. e4 c5 2. Nf3 Nc6 3. d4 cxd4 4. Nxd4 g6 5. c4 Bg7 6. Be3 Nf6 7. Nc3 O-O 8.
Be2 d6 9. O-O Bd7 10. Qd2 Nxd4 11. Bxd4 Bc6 12. f3 a5 13. b3 Nd7 14. Be3 Nc5
15. Rac1 Qb6 16. Nd5 Bxd5 17. cxd5 Rfc8 18. Kh1 Qd8 19. Bxc5 dxc5 20. a4 Qb6
21. Bc4 e5 22. g4 Rf8 23. Rg1 Kh8 24. Qg2 Bh6 25. g5 Bg7 26. Rgf1 f6 27. h4
fxg5 28. hxg5 Rf4 29. Qg3 h5 30. gxh6 Bxh6 31. Kg2 Kg7 32. Rh1 Raf8 33. Rcf1 g5
34. Bd3 Qg6 35. Rh3 g4 36. fxg4 Rxf1 37. Bxf1 Qxe4+ 38. Kg1 Qd4+ 39. Kg2 Qxd5+
40. Kg1 Qd4+ 41. Kg2 e4 42. g5 Qd2+ 43. Kg1 Qxg5 44. Qxg5+ Bxg5 45. Rc3 Bf6 46.
Rg3+ Kh6 47. Bg2 Bd4+ 48. Kh1 e3 49. Rh3+ Kg5 50. Rg3+ Kh6 51. Kh2 Be5 0-1

[Event "Campeonato Pan-Americano Sub-20 Absoluto"]
[Site "CXSP, São Paulo"]
[Date "2012.06.29"]
[Round "1.10"]
[White "Olivares Olivares, Claudio"]
[Black "Sergio Filho, Claudio Santos"]
[Result "1-0"]
[WhiteElo "2251"]
[BlackElo "1920"]
[PlyCount "61"]
[EventDate "2012.06.29"]

1. e4 c5 2. Nf3 Nc6 3. d4 cxd4 4. Nxd4 g6 5. Nc3 Bg7 6. Be3 Nf6 7. Bc4 O-O 8.
Bb3 Ng4 9. Qxg4 Nxd4 10. Qd1 Nxb3 11. axb3 b6 12. Bd4 Bxd4 13. Qxd4 Bb7 14. O-O
Qc7 15. Rfd1 d6 16. Rd2 Rfc8 17. Nd5 Bxd5 18. exd5 Qc5 19. Qh4 Rc7 20. Re1 Re8
21. c3 Qb5 22. Re3 Qxb3 23. Rh3 h5 24. Qg5 Qa4 25. f3 e5 26. g4 Qf4 27. Qxf4
exf4 28. gxh5 gxh5 29. Rxh5 Rc4 30. Rg2+ Kf8 31. Rh8+ 1-0

[Event "Campeonato Pan-Americano Sub-20 Absoluto"]
[Site "CXSP, São Paulo"]
[Date "2012.06.29"]
[Round "1.11"]
[White "Nolasco, Vitor"]
[Black "Leiva, Giuseppe"]
[Result "0-1"]
[WhiteElo "1918"]
[BlackElo "2232"]
[PlyCount "68"]
[EventDate "2012.06.29"]

1. e4 c5 2. Nf3 d6 3. d4 cxd4 4. Nxd4 Nf6 5. Nc3 a6 6. Bc4 e6 7. Bb3 Nbd7 8.
Be3 Qc7 9. O-O Nc5 10. f3 Be7 11. a3 b5 12. Qd2 Rb8 13. Rfd1 Bd7 14. Ba2 a5 15.
b4 Na6 16. bxa5 Qxa5 17. Bb3 Qc7 18. Qd3 Qa5 19. Qd2 Nc5 20. Nb1 Qc7 21. Nc3
O-O 22. Na2 e5 23. Ne2 Nxb3 24. cxb3 Be6 25. Qb2 d5 26. Rac1 Qb7 27. Qxe5 Qa8
28. a4 dxe4 29. Nd4 Qd5 30. Qxd5 Nxd5 31. Nxe6 fxe6 32. Bc5 Bxc5+ 33. Rxc5 exf3
34. Nc3 f2+ 0-1

[Event "Campeonato Pan-Americano Sub-20 Absoluto"]
[Site "CXSP, São Paulo"]
[Date "2012.06.29"]
[Round "1.13"]
[White "Takeda, Lucas Koji"]
[Black "Finol Berrueta, David Emmanuel"]
[Result "1-0"]
[WhiteElo "1902"]
[BlackElo "2210"]
[PlyCount "55"]
[EventDate "2012.06.29"]

1. d4 Nf6 2. Nf3 g6 3. c4 Bg7 4. Nc3 d6 5. Bf4 O-O 6. h3 Nc6 7. e3 Nd7 8. Be2
e5 9. Bh2 f5 10. d5 Ne7 11. O-O e4 12. Nd4 Ne5 13. Rc1 g5 14. b4 N7g6 15. c5
Nh4 16. cxd6 cxd6 17. Ne6 Bxe6 18. dxe6 g4 19. hxg4 Qg5 20. Bf4 Qg6 21. Nd5
Rae8 22. e7 Rf7 23. Qa4 Rf6 24. Nxf6+ Bxf6 25. Bxe5 Bxe5 26. Qd7 fxg4 27. Rc8
Nf3+ 28. Bxf3 1-0

[Event "Campeonato Pan-Americano Sub-20 Absoluto"]
[Site "CXSP, São Paulo"]
[Date "2012.06.29"]
[Round "1.14"]
[White "Zavarce, Oscar Enrique"]
[Black "Japiassu, Ricardo De Villa Nov"]
[Result "1-0"]
[WhiteElo "2192"]
[BlackElo "1900"]
[PlyCount "65"]
[EventDate "2012.06.29"]

1. e4 c5 2. Nf3 e6 3. c4 Nc6 4. Nc3 g6 5. d4 cxd4 6. Nxd4 Bg7 7. Ndb5 Bf8 8.
Bf4 e5 9. Nd5 Bb4+ 10. Nxb4 exf4 11. Qd6 Qa5 12. Nc7+ Kd8 13. Ncd5 Nge7 14.
O-O-O Re8 15. Nd3 Nxd5 16. exd5 Ne7 17. Qf6 Qxa2 18. Ne5 Qa1+ 19. Kc2 Qa4+ 20.
Kc3 Qa5+ 21. Kd3 b5 22. Nxf7+ Kc7 23. d6+ Kb8 24. dxe7 bxc4+ 25. Kc2 Qa4+ 26.
Kc1 Qa1+ 27. Kd2 Qa5+ 28. Qc3 Qd5+ 29. Kc1 Qxf7 30. Qb4+ Kc7 31. Qd6+ Kb7 32.
Rd5 a6 33. Rc5 1-0

[Event "Campeonato Pan-Americano Sub-20 Absoluto"]
[Site "CXSP, São Paulo"]
[Date "2012.06.29"]
[Round "1.17"]
[White "Cajahuanca Ramirez, Olindo"]
[Black "Lopez, Jasel"]
[Result "0-1"]
[WhiteElo "1865"]
[BlackElo "2152"]
[PlyCount "46"]
[EventDate "2012.06.29"]

1. d4 Nf6 2. Nf3 e6 3. c4 b6 4. g3 Bb7 5. Bg2 c5 6. d5 exd5 7. cxd5 Bxd5 8. Bg5
Bc6 9. Qb3 Be7 10. Ne5 O-O 11. Nxc6 Nxc6 12. O-O h6 13. Bxf6 Bxf6 14. Nc3 Bxc3
15. Bxc6 dxc6 16. Qxc3 Qe7 17. e3 Rfd8 18. Rfd1 Rd6 19. Kf1 Rad8 20. Ke2 Qg5
21. Rxd6 Rxd6 22. f3 Qf5 23. g4 Qd5 0-1

[Event "Campeonato Pan-Americano Sub-20 Absoluto"]
[Site "CXSP, São Paulo"]
[Date "2012.06.29"]
[Round "1.18"]
[White "Proudian, Armen"]
[Black "Amato De Vercosa Cha, Joao Pedr"]
[Result "1-0"]
[WhiteElo "2147"]
[BlackElo "1851"]
[PlyCount "45"]
[EventDate "2012.06.29"]

1. e4 c5 2. Nf3 d6 3. d4 cxd4 4. Nxd4 Nf6 5. Nc3 a6 6. Be3 Ng4 7. Bg5 h6 8. Bh4
g5 9. Bg3 Bg7 10. h3 Ne5 11. Nf5 Bxf5 12. exf5 Nbc6 13. Nd5 e6 14. fxe6 fxe6
15. Ne3 Qa5+ 16. c3 Nf3+ 17. Qxf3 Bxc3+ 18. Kd1 Bxb2 19. Rb1 Qxa2 20. Bd3 Bc3
21. Bg6+ Kd8 22. Bc2 d5 23. Qf7 1-0

[Event "Campeonato Pan-Americano Sub-20 Absoluto"]
[Site "CXSP, São Paulo"]
[Date "2012.06.29"]
[Round "1.20"]
[White "Principe, Alexander"]
[Black "Jonas, Tiago Filipe Da Silv"]
[Result "1-0"]
[WhiteElo "2141"]
[BlackElo "1848"]
[PlyCount "141"]
[EventDate "2012.06.29"]

1. e4 c5 2. Nf3 g6 3. d4 cxd4 4. Nxd4 Nc6 5. Nc3 Bg7 6. Be3 Nf6 7. Bc4 O-O 8.
Bb3 a5 9. O-O Ng4 10. Qxg4 Nxd4 11. Qd1 Nxb3 12. axb3 d6 13. Bd4 Bd7 14. Bxg7
Kxg7 15. Qd4+ Kg8 16. f4 Bc6 17. f5 f6 18. Nd5 Kg7 19. Nf4 Bd7 20. Rf3 g5 21.
Rg3 h6 22. h4 Kh7 23. hxg5 fxg5 24. Nh5 Rf7 25. Rf1 Rc8 26. Rc3 Bc6 27. Rcf3
Qc7 28. Qc4 Rcf8 29. Qe6 Rf6 30. Nxf6+ Rxf6 31. Qc4 Qb6+ 32. Kh2 Bb5 33. Qc3
Bxf1 34. Rxf1 Qb5 35. Rf2 Kg7 36. Qd4 Kf8 37. Kg1 Kf7 38. Rd2 Qc6 39. g4 Kf8
40. Kf2 Qb5 41. Rd3 Qc6 42. Rc3 Qe8 43. Rh3 Kg7 44. Qc4 Qd8 45. Qd4 b5 46. e5
Rf7 47. exd6+ Rf6 48. d7 Kh7 49. Re3 Rd6 50. Qe4 Kg8 51. Qxe7 Qxd7 52. Qxd7
Rxd7 53. Rd3 Rc7 54. c3 b4 55. Kf3 bxc3 56. bxc3 Kg7 57. c4 a4 58. bxa4 Rxc4
59. Ra3 h5 60. gxh5 Rf4+ 61. Kg3 Rxf5 62. a5 g4 63. Kxg4 Rf7 64. a6 Ra7 65. Kg5
Kf7 66. h6 Ra8 67. a7 Rg8+ 68. Kf5 Ra8 69. Ra6 Kf8 70. Kg6 Kg8 71. Rb6 1-0

[Event "Campeonato Pan-Americano Sub-20 Absoluto"]
[Site "CXSP, São Paulo"]
[Date "2012.06.29"]
[Round "1.21"]
[White "De Carvalho Machado, Fernando"]
[Black "Martinez Alcantara, Jose Eduard"]
[Result "0-1"]
[WhiteElo "1846"]
[BlackElo "2135"]
[PlyCount "62"]
[EventDate "2012.06.29"]

1. d4 Nf6 2. Nf3 c5 3. e3 g6 4. Be2 Bg7 5. O-O O-O 6. b3 cxd4 7. exd4 d5 8. Bb2
Nc6 9. Nbd2 Bf5 10. Ne5 Qb6 11. Nxc6 Qxc6 12. Rc1 Rfd8 13. Bf3 Rac8 14. c3 Qa6
15. a3 Bh6 16. Ra1 Qd3 17. Nb1 Qxd1 18. Rxd1 Bc2 19. Re1 Bxb3 20. Bc1 Bxc1 21.
Rxc1 Rd6 22. Nd2 Ba4 23. Ra2 b6 24. Nb1 Rdc6 25. Re2 e6 26. g3 Ne8 27. Ree1 Nd6
28. Be2 Bb5 29. Bd1 Bd3 30. Bc2 Bxc2 31. Rxc2 Nb5 0-1

[Event "Campeonato Pan-Americano Sub-20 Absoluto"]
[Site "CXSP, São Paulo"]
[Date "2012.06.29"]
[Round "1.22"]
[White "Mandetta, Joao Danilo"]
[Black "Vasconcelos, Paulo Cesar Da S"]
[Result "0-1"]
[WhiteElo "2132"]
[BlackElo "1842"]
[PlyCount "94"]
[EventDate "2012.06.29"]

1. c4 e5 2. g3 c6 3. Bg2 Nf6 4. d4 Qb6 5. dxe5 Ng4 6. Nh3 Nxe5 7. b3 Bb4+ 8.
Bd2 O-O 9. O-O Na6 10. Bxb4 Qxb4 11. Qd4 Ng6 12. Rd1 Re8 13. Nc3 Nc7 14. c5
Qxd4 15. Rxd4 Ne6 16. Re4 b6 17. Na4 b5 18. Nb2 a5 19. Ng5 Ngf8 20. Re3 Ba6 21.
Ne4 Nd4 22. Rd1 Nf5 23. Red3 h5 24. e3 b4 25. R3d2 Bb5 26. Nd3 Bxd3 27. Rxd3
Ra7 28. h3 Rc7 29. a3 Rb8 30. Ra1 Rcb7 31. Bf3 bxa3 32. Rxa3 g6 33. Bd1 Rb5 34.
g4 hxg4 35. hxg4 Nh6 36. Be2 Kg7 37. Rc3 Rb4 38. Bc4 Nxg4 39. Rxa5 Ne5 40. Ra7
Nxc4 41. bxc4 Rb1+ 42. Kg2 Rd1 43. Rca3 Rc8 44. Kf3 f5 45. Nd6 Rb8 46. R3a5 Rd2
47. Rb7 Rxd6 {'Ilegivel'} 0-1

[Event "Campeonato Pan-Americano Sub-20 Absoluto"]
[Site "CXSP, São Paulo"]
[Date "2012.06.29"]
[Round "1.24"]
[White "Goncalves, Ivan Mesquita V"]
[Black "Zarate, Fernandoh"]
[Result "1-0"]
[WhiteElo "2100"]
[BlackElo "1720"]
[PlyCount "75"]
[EventDate "2012.06.29"]

1. e4 c6 2. d4 d5 3. e5 Bf5 4. Nd2 e6 5. Ngf3 Nd7 6. Nb3 Ne7 7. Be2 c5 8. dxc5
Nc6 9. Nbd4 Be4 10. Nxc6 bxc6 11. b4 Qb8 12. Qd4 a5 13. c3 axb4 14. Qxb4 Qc7
15. Be3 Rb8 16. Qa3 Bxf3 17. Bxf3 Rb5 18. O-O Nxc5 19. c4 Ra5 20. Qc3 Be7 21.
cxd5 exd5 22. Bd2 Ra4 23. Bd1 Rc4 24. Qg3 Ne6 25. Bb3 Rh4 26. f4 O-O 27. f5 Nd4
28. Rae1 Bc5 29. Kh1 Rh5 30. f6 g6 31. Bd1 Nf5 32. Qd3 Rh4 33. Rxf5 Rd4 34. Qh3
Ra8 35. Bc3 Ra3 36. e6 Bb6 37. e7 Qxe7 38. fxe7 1-0

[Event "Campeonato Pan-Americano Sub-20 Absoluto"]
[Site "CXSP, São Paulo"]
[Date "2012.06.30"]
[Round "2.1"]
[White "Martinez Alcantara, Jose Eduard"]
[Black "Santiago, Yago De Moura"]
[Result "1-0"]
[WhiteElo "2135"]
[BlackElo "2347"]
[PlyCount "109"]
[EventDate "2012.06.29"]

1. e4 c5 2. Nf3 d6 3. d4 cxd4 4. Nxd4 Nf6 5. Nc3 a6 6. Bc4 e6 7. O-O Be7 8. Bb3
O-O 9. Qf3 Nbd7 10. Qg3 Nc5 11. Bh6 Ne8 12. Rad1 Bd7 13. Nf3 Nxb3 14. cxb3 Kh8
15. Bf4 Bc6 16. e5 Bxf3 17. Qxf3 d5 18. Ne2 f5 19. Nd4 Qd7 20. Qe3 Kg8 21. Rc1
h6 22. Qd3 g5 23. Bd2 Ng7 24. Rc2 Rfc8 25. Rfc1 Rxc2 26. Qxc2 Kf7 27. Ba5 Rb8
28. Bb6 g4 29. g3 h5 30. Qc7 Qxc7 31. Rxc7 Ke8 32. Ba7 Ra8 33. Rxb7 Rc8 34. Kg2
h4 35. h3 hxg3 36. fxg3 Nh5 37. hxg4 fxg4 38. Rb8 Rxb8 39. Bxb8 Kd7 40. Ne2 Bc5
41. b4 Bb6 42. a4 d4 43. Nc1 Ng7 44. Nd3 Nf5 45. a5 Bd8 46. Kf2 Bg5 47. Nc5+
Kc8 48. Bd6 Be3+ 49. Kg2 Bc1 50. b5 Nxd6 51. exd6 axb5 52. a6 Kb8 53. Nxe6 Bd2
54. d7 Ba5 55. Nxd4 1-0

[Event "Campeonato Pan-Americano Sub-20 Absoluto"]
[Site "CXSP, São Paulo"]
[Date "2012.06.30"]
[Round "2.2"]
[White "Gemy, Jose Daniel"]
[Black "Proudian, Armen"]
[Result "1-0"]
[WhiteElo "2345"]
[BlackElo "2147"]
[PlyCount "65"]
[EventDate "2012.06.29"]

1. Nf3 Nf6 2. g3 e6 3. Bg2 b5 4. a4 b4 5. O-O Bb7 6. d3 d5 7. e4 c5 8. Re1 Be7
9. exd5 exd5 10. Qe2 Nc6 11. Ne5 Nd4 12. Qd1 O-O 13. c3 Ne6 14. Bh3 Nc7 15.
cxb4 cxb4 16. Nd2 Re8 17. Nb3 a5 18. Qf3 Bd6 19. Bf5 Ne6 20. Bxe6 Rxe6 21. Nd4
Re8 22. Nf5 Bf8 23. Bg5 Ra6 24. Ng4 Rae6 25. Nfh6+ gxh6 26. Nxf6+ Qxf6 27. Bxf6
Rxe1+ 28. Kg2 d4 29. Qxb7 Rxa1 30. Qf3 h5 31. Qxh5 h6 32. Qg4+ Kh7 33. Qd7 1-0

[Event "Campeonato Pan-Americano Sub-20 Absoluto"]
[Site "CXSP, São Paulo"]
[Date "2012.06.30"]
[Round "2.3"]
[White "Garkauskas, Otto Dmitry"]
[Black "Henriquez Villagra, Cristobal"]
[Result "0-1"]
[WhiteElo "2086"]
[BlackElo "2324"]
[PlyCount "110"]
[EventDate "2012.06.29"]

1. d4 d5 2. c4 e6 3. Nc3 Be7 4. Nf3 Nf6 5. Bg5 O-O 6. e3 a6 7. cxd5 exd5 8. Bd3
Nbd7 9. O-O h6 10. Bh4 b5 11. Rc1 Bb7 12. Ne2 Re8 13. Bf5 c6 14. Bxd7 Nxd7 15.
Bxe7 Qxe7 16. Nf4 Qd6 17. Nd3 Re7 18. Nfe5 Nf8 19. Nc5 Rc8 20. a4 Ne6 21. Nxe6
Rxe6 22. Nd3 Re7 23. a5 Rcc7 24. Rc5 Re4 25. Qc2 Rce7 26. Nb4 Qd8 27. Ra1 R7e6
28. Nxc6 Bxc6 29. Rxc6 Rxc6 30. Qxc6 Re6 31. Qc5 Qg5 32. Rc1 h5 33. Qc8+ Kh7
34. Rc6 Qg6 35. Rc1 Qg5 36. Rc6 Qg6 37. Rc1 h4 38. Qc2 f5 39. h3 Qg5 40. Qc7
Rg6 41. Qh2 f4 42. Re1 f3 43. g3 hxg3 44. fxg3 Qxg3+ 45. Qxg3 Rxg3+ 46. Kf2
Rxh3 47. Rc1 g5 48. Rc5 g4 49. Rxd5 Rh2+ 50. Kg3 Rg2+ 51. Kh4 f2 52. Rf5 Kg6
53. e4 g3 54. Rg5+ Kf7 55. Rf5+ Ke7 0-1

[Event "Campeonato Pan-Americano Sub-20 Absoluto"]
[Site "CXSP, São Paulo"]
[Date "2012.06.30"]
[Round "2.4"]
[White "Quintiliano Pinto, Renato R"]
[Black "Principe, Alexander"]
[Result "1/2-1/2"]
[WhiteElo "2272"]
[BlackElo "2141"]
[PlyCount "91"]
[EventDate "2012.06.29"]

1. d4 Nf6 2. c4 c5 3. d5 b5 4. cxb5 a6 5. bxa6 g6 6. Nc3 Bxa6 7. Nf3 d6 8. g3
Bg7 9. Bg2 Nbd7 10. Rb1 O-O 11. O-O Qa5 12. Bd2 Rfb8 13. b3 Ng4 14. Qc2 Nge5
15. Nxe5 Nxe5 16. a4 Rc8 17. Bh3 Bxe2 18. Nxe2 Qxd2 19. Qxd2 Nf3+ 20. Kg2 Nxd2
21. Bxc8 Rxc8 22. b4 Nxf1 23. Kxf1 Ra8 24. bxc5 dxc5 25. Rb7 Bf6 26. Rc7 Rxa4
27. Rxc5 Ra2 28. h4 Kg7 29. Ke1 Be5 30. Rb5 h6 31. Rb3 Rc2 32. Rd3 Ra2 33. f4
Bf6 34. Kf2 h5 35. Kf3 Rc2 36. d6 exd6 37. Rxd6 Rb2 38. f5 Rb3+ 39. Kf2 g5 40.
hxg5 Bxg5 41. Kg2 Re3 42. Nd4 Bf6 43. Nf3 Re2+ 44. Kh3 Re3 45. Kg2 Re2+ 46. Kh3
1/2-1/2

[Event "Campeonato Pan-Americano Sub-20 Absoluto"]
[Site "CXSP, São Paulo"]
[Date "2012.06.30"]
[Round "2.5"]
[White "Araujo, Renan Aparecido"]
[Black "Gaitan, Juan Manuel"]
[Result "1/2-1/2"]
[WhiteElo "1878"]
[BlackElo "2271"]
[PlyCount "55"]
[EventDate "2012.06.29"]

1. d4 Nf6 2. Nf3 d5 3. c4 c6 4. Nc3 dxc4 5. a4 Bf5 6. e3 e6 7. Bxc4 Bb4 8. O-O
O-O 9. Qe2 Nbd7 10. e4 Bg6 11. Bd3 Bh5 12. h3 c5 13. g4 Bg6 14. Rd1 cxd4 15.
Nxd4 Nc5 16. Ndb5 a6 17. Bc2 Qa5 18. Nd6 Bxc3 19. bxc3 Qxc3 20. Be3 Rfd8 21.
Rac1 b6 22. Bxc5 Qxc5 23. e5 Bxc2 24. Rxc2 Qb4 25. Rc4 Qa3 26. Rd3 Qa1+ 27. Rd1
Qa3 28. Rd3 1/2-1/2

[Event "Campeonato Pan-Americano Sub-20 Absoluto"]
[Site "CXSP, São Paulo"]
[Date "2012.06.30"]
[Round "2.6"]
[White "Cuellar, Diego"]
[Black "Goncalves, Ivan Mesquita V"]
[Result "1-0"]
[WhiteElo "2269"]
[BlackElo "2100"]
[PlyCount "55"]
[EventDate "2012.06.29"]

1. e4 c5 2. Nc3 e6 3. f4 d5 4. exd5 exd5 5. Bb5+ Nc6 6. Nf3 Nf6 7. O-O Be7 8.
d3 O-O 9. Bxc6 bxc6 10. Ne5 Qc7 11. b3 Bd6 12. Na4 Re8 13. Qf3 Be6 14. Ba3 Bxe5
15. fxe5 Nd7 16. Nxc5 Nxc5 17. Bxc5 Qxe5 18. Rae1 Qg5 19. Qf2 h5 20. Bxa7 h4
21. Be3 Qg4 22. h3 Qg6 23. Qxh4 Rxa2 24. Rf3 Qh7 25. Qf2 Rc8 26. Rf1 f6 27. Bd4
Rf8 28. Qg3 1-0

[Event "Campeonato Pan-Americano Sub-20 Absoluto"]
[Site "CXSP, São Paulo"]
[Date "2012.06.30"]
[Round "2.7"]
[White "Goncalves, Leonardo Yamamoto Po"]
[Black "Olivares Olivares, Claudio"]
[Result "1-0"]
[WhiteElo "1848"]
[BlackElo "2251"]
[PlyCount "147"]
[EventDate "2012.06.29"]

1. c3 Nf6 2. d3 d5 3. Nf3 Bf5 4. Qb3 Qc8 5. Nh4 Bd7 6. Nd2 e5 7. e4 Be6 8. Qc2
c6 9. Nhf3 Nbd7 10. Be2 Bc5 11. b4 Bb6 12. a4 a6 13. Bb2 O-O 14. O-O h6 15.
Rac1 Bg4 16. c4 d4 17. c5 Bc7 18. a5 Nh5 19. Nxd4 Nxc5 20. Bxg4 Qxg4 21. h3 Qd7
22. Qxc5 Bd6 23. Qc3 exd4 24. Qxd4 Qe7 25. g4 Rad8 26. Qe3 Nf4 27. e5 Nxd3 28.
exd6 Qxe3 29. fxe3 Nxb2 30. Ne4 Rfe8 31. Nc5 Rxd6 32. Nxb7 Rd2 33. Rf3 Nd3 34.
Rb1 Rb8 35. Nd6 Rxb4 36. Rxb4 Nxb4 37. Nxf7 c5 38. Ne5 Rd8 39. Nc4 Rd1+ 40. Rf1
Rd3 41. Rf5 Rd1+ 42. Kg2 Nd3 43. Rf1 Ne1+ 44. Kf2 Rc1 45. Ne5 Ra1 46. Rxe1 Rxa5
47. Rc1 c4 48. Nxc4 Rc5 49. Rc2 a5 50. Na3 Rd5 51. Ke2 h5 52. Ra2 Rc5 53. Kf3
Kf7 54. Nc2 hxg4+ 55. hxg4 a4 56. Nb4 Ra5 57. Nd3 Rd5 58. Ke2 Ra5 59. Nb2 Rb5
60. Nxa4 Kg6 61. Kf3 Rb7 62. Nc5 Rf7+ 63. Kg3 Re7 64. Ra6+ Kf7 65. Kf4 Rc7 66.
Ne4 Rc1 67. Ng5+ Ke7 68. Ra7+ Kf6 69. Ra6+ Ke7 70. e4 Rf1+ 71. Ke5 Rg1 72. Ra7+
Ke8 73. Ke6 Kd8 74. Nf7+ 1-0

[Event "Campeonato Pan-Americano Sub-20 Absoluto"]
[Site "CXSP, São Paulo"]
[Date "2012.06.30"]
[Round "2.9"]
[White "Vasconcelos, Paulo Cesar Da S"]
[Black "Mendonca, Mateus Nakajo"]
[Result "0-1"]
[WhiteElo "1842"]
[BlackElo "2223"]
[PlyCount "60"]
[EventDate "2012.06.29"]

1. e4 c5 2. Nf3 e6 3. d4 cxd4 4. Nxd4 Nc6 5. c3 d6 6. Nd2 Nf6 7. Bd3 Be7 8. O-O
O-O 9. f4 Qc7 10. f5 Nxd4 11. cxd4 exf5 12. exf5 Qb6 13. Nf3 Bd7 14. Re1 Rfe8
15. b3 Bc6 16. Bb2 Nd5 17. Qd2 Bf6 18. Bc4 h6 19. Rad1 Ne7 20. Qf4 Rad8 21. Kh1
Qa5 22. g4 Qxa2 23. Bc3 Bg5 24. Qg3 Bh4 25. Qf4 Bxe1 26. Rxe1 Nd5 27. Bxd5 Bxd5
28. b4 Rxe1+ 29. Bxe1 Qe2 30. Kg1 Bxf3 0-1